OPAC Home

ordinance No.12 of 1946. L.D.-O. 25/45. M.L.A.-BA.633.An ordinance To Enable Local Authorities To Impose And Levy A Tax on Payments For Admission To Public Entertainments Held Within Their Administrative Areas.[ Date of Governor's Assent : May 23,1946.] [ (Record no. 49673)

MARC details
000 -LEADER
fixed length control field 00549nam a2200133Ia 4500
008 - FIXED-LENGTH DATA ELEMENTS--GENERAL INFORMATION
fixed length control field 180921t xxu||||| ||||o00| 0 eng d
041 ## - LANGUAGE CODE
Language code of text/sound track or separate title English
080 ## - UNIVERSAL DECIMAL CLASSIFICATION NUMBER
Universal Decimal Classification number The Ordinances Of Ceylon 1946
942 ## - ADDED ENTRY ELEMENTS (KOHA)
Koha item type Books
003 - CONTROL NUMBER IDENTIFIER
control field LK-CoDNM
040 ## - CATALOGING SOURCE
Original cataloging agency LK-CoDNM
Modifying agency LK-CoDNM
Description conventions LK-CoDNM
245 ## - TITLE STATEMENT
Title ordinance No.12 of 1946. L.D.-O. 25/45. M.L.A.-BA.633.An ordinance To Enable Local Authorities To Impose And Levy A Tax on Payments For Admission To Public Entertainments Held Within Their Administrative Areas.[ Date of Governor's Assent : May 23,1946.] [
300 ## - PHYSICAL DESCRIPTION
Extent 23 cm
Holdings
Withdrawn status Lost status Damaged status Not for loan Collection code Permanent Location Current Location Date acquired Full call number Koha item type
        Government Publications Library National Museum Colombo - Sri Lanka Library National Museum Colombo - Sri Lanka 2013-07-25 The Ordinances Of Ceylon 1946 Books
Copyright © 2023 Department of National Museum, Colombo 07, Sri Lanka Funded by UNESCO IFAP UNESCO